| 000 | 00418cam a2200181ua 4500 | ||
|---|---|---|---|
| 020 | _c4.60 | ||
| 041 |
_aeng _h |
||
| 082 |
_a421.52 _bFRI/EN |
||
| 100 | _aFrederich, W . | ||
| 245 |
_aEnglish pronounciation / _cW Frederich. _hTextual Documents |
||
| 250 |
_a1 / _b. |
||
| 260 |
_aLondon : _bLongman , _c1959. |
||
| 300 | _a80 ; . | ||
| 365 | _a4.60 | ||
| 504 | _a | ||
| 942 | _cBK | ||
| 999 |
_c12331 _d12331 |
||